书目信息 |
| 题名: |
粒子物理学
|
|
| 作者: | 章乃森 编著 | |
| 分册: | 下册 | |
| 出版信息: | 北京 科学出版社 1987 |
|
| 页数: | 557页 | |
| 开本: | 20cm | |
| 丛书名: | ||
| 单 册: | ||
| 中图分类: | O572.2 | |
| 科图分类: | ||
| 主题词: | 基本粒子--物理学 | |
| 电子资源: | ||
| ISBN: | ||
| 000 | 00605nam0 2200229 45 | |
| 001 | 0187009037 | |
| 005 | 20060512104121.62 | |
| 010 | @dCNY5.10 | |
| 091 | @a13031.3940 | |
| 100 | @a19900808d1987 emky0chiy0121 ea | |
| 101 | 0 | @achi |
| 102 | @aCN@b110000 | |
| 105 | @ay z 000yy | |
| 200 | 10 | @a粒子物理学@Ali zi wu li xue@h下册@f章乃森编著@FZhang Nai Sen Bian Zhu |
| 210 | @a北京@c科学出版社@d1987 | |
| 215 | @a557页@d20cm | |
| 606 | 0 | @a基本粒子@x物理学 |
| 690 | @aO572.2@v4 | |
| 701 | 0 | @a章乃森@4编著 |
| 801 | 2 | @aCN@bNLC@c20060512 |
| 801 | 0 | @aCN@b深圳图书馆@c20040517 |
| 905 | @dO572.2@e13:2 | |
| 粒子物理学.下册/章乃森编著.-北京:科学出版社,1987 |
| 557页;20cm |
| ISBN :CNY5.10 |
| ● |
| 相关链接 |
|
|
|
|
正题名:粒子物理学
索取号:O572.2/13:2
 
预约/预借
| 序号 | 登录号 | 条形码 | 馆藏地/架位号 | 状态 | 备注 |
| 1 | 0203960 | 001452092 | 第三借阅区/ [索取号:O572.2/13:2] | 在馆 | |
| 2 | 0203961 | 001452145 | 第二样本阅览室/ [索取号:O572.2/13:2] | 在馆 | |
| 3 | 0203962 | 202346764 | 密集书库/ [索取号:O572.2/13:2] | 在馆 |